| 000 | 00799nam a2200205 i 4500 | ||
|---|---|---|---|
| 001 | 187304 | ||
| 003 | SpMaBN | ||
| 005 | 20250929063307.0 | ||
| 008 | 170531s1926 sp |||| |bspa d | ||
| 080 | _a929 Pompadour, Jeanne Antoinette Poisson, Marquise de | ||
| 100 | 1 |
_aTinayre, Marcelle, _d1872-1948 _938396 |
|
| 245 | 1 | 3 |
_aLa vida amorosa de Madame de Pompadour / _cMarcelle Tinayre ; traducción de Sofía González de Aguilar. |
| 260 |
_aMadrid : _bIbero-Africano-Americana, _c1926. |
||
| 300 |
_a220 p. ; _c19 cm. |
||
| 490 | 1 | _aLos amores | |
| 600 | 1 | 7 |
_aPompadour, Jeanne Antoinette Poisson _cMarquise de. _9140340 |
| 830 | 0 |
_aLos amores _9225547 |
|
| 852 |
_aES-MaACL _jL-31653 _z. - Donat. herederos de la bibl. de Mª del Pilar Costa Palacín |
||
| 999 |
_c187304 _d187304 |
||